Пропуск в контексте

Horizon Scanning: the Role of Information Technologies in the Future of Civil Society

Herein, an interdisciplinary group of scholars analyze the possible technological impacts on civil society's development, drawing upon the «Horizon Scanning» methodology. The overarching aim of this collection is to broaden the spectrum of the social and technical imaginare. One specific object...

全面介紹

Сохранить в:
書目詳細資料
格式: Книга
在線閱讀:Перейти к просмотру издания
標簽: 添加標簽
沒有標簽, 成為第一個標記此記錄!
LEADER 01802nam0a2200301 4500
001 RU/IPR SMART/123777
856 4 |u https://www.iprbookshop.ru/123777.html  |z Перейти к просмотру издания 
801 1 |a RU  |b IPR SMART  |c 20250903  |g RCR 
010 |a 978-5-89353-606-5 
205 |a Horizon Scanning: the Role of Information Technologies in the Future of Civil Society  |b 2025-09-26 
333 |a Гарантированный срок размещения в ЭБС до 26.09.2025 (автопролонгация) 
100 |a 20250903d2021 k y0rusy01020304ca 
105 |a y j 000zy 
101 0 |a rus 
102 |a RU 
200 1 |a Horizon Scanning: the Role of Information Technologies in the Future of Civil Society  |f ред. G. Asmolov 
702 1 |a Asmolov,   |b G.  |4 340 
330 |a Herein, an interdisciplinary group of scholars analyze the possible technological impacts on civil society's development, drawing upon the «Horizon Scanning» methodology. The overarching aim of this collection is to broaden the spectrum of the social and technical imaginare. One specific objective is to analyze how technological advancements may influence the development of civil society in Russia, the former Soviet Union, and Central and Eastern Europe. A second is to assist those involved in such issues to make decisions in the context of possible future development scenarios. 
210 |a Москва  |c Когито-Центр  |d 2021 
675 |a 159.9 
686 |a 88.5  |2 rubbk 
300 |a Книга находится в премиум-версии IPR SMART. 
106 |a s 
230 |a Электрон. дан. (1 файл) 
336 |a Текст 
337 |a электронный 
503 0 |a Доступна эл. версия. IPR SMART 
215 |a 200 с.